000 00345nam a2200133Ia 4500
008 230724s1999 xx und d
020 _a97889928899
041 _aeng
082 _a720.9
100 _aFLETCHERS B.
245 _aA HISTORY OF ARCHITECTURE IX TH EDITION.
260 _bC.B.S PUBLISHERS AND DISTRIBUTERS
_c1999
300 _a1622
999 _c1171496
_d1171496